El-Mustafa gül ve diken (Kayıt no. 5096)

MARC ayrıntıları
000 -BAŞLIK
Sabit Uzunlukta Kontrol Alanı 00698na a2200241 4500
001 - KONTROL NUMARASI
Denetim Alanı 14867
003 - KONTROL NUMARASI IDENTIFIER
Denetim Alanı MIRAKIL
005 - SON İŞLEM TARİHİ VE ZAMANI
Denetim Alanı 20181213155027.0
008 - SABİT-BOY VERİ ELEMANLARI - GENEL BİLGİLER
Sabit Uzunlukta Kontrol Alanı 161028b tu 000 0
020 ## - ULUSLARARASI STANDART KİTAP NUMARASI
Uluslararası Standart Kitap Numarası 9786055622213
035 ## - SİSTEM KONTROL NUMARASI
Sistem Kontrol Numarası 14867
040 ## - KATALOGLAMA KAYNAK
Orijinal Kataloglama Ajansı Milas
Kataloglama Dili tur
Metne Dönüştürmek Ajansı TR-AnCHP
041 ## - DİL KODU
Metin / Ses Parça Veya Ayrı Başlığın Dil Kodu tur
082 ## - DEWEY ONLU SINIFLANDIRMA NUMARASI
Sınıflandırma Numarası 320.9561092
Ürün Numarası K71e 2010
090 ## - SINIFLAMA NUMARASI
Sınıflama Numarası 320.9561092 K71e 2010
100 ## - ANA GİRİŞ - KİŞİSEL İSİM
Kişisel Ad Küçükkaya, Turan
245 ## - BAŞLIK TABLOSU
Başlık El-Mustafa gül ve diken
Sorumluluk Tablosu, Vb Turan Küçükkaya ; editör Yıldız Aktaş
260 ## - YAYIN, DAĞITIM, VB
Yayın, Dağıtım, Vb Yeri İstanbul
Yayıncı, Dağıtıcı, Vs Adı Yayın B
Yayın, Dağıtım, Vb Tarihi 2010
300 ## - FİZİKSEL TANIM
Kapsam 256 s.
Diğer Fiziksel Ayrıntıları fotğ.
Boyutlar 20 sm.
600 ## - KONU KATMA GİRİŞ - KURUMSAL ADI
Kişisel Ad Sarıgül, Mustafa
Bir Adıyla İlişkilendirilen Tarihler 1956-
Genel Alt Bölümü Eleştiriler
650 ## - KONU KATMA GİRİŞ - TOPİKAL DÖNEM
Topikal Süreli Veya Coğrafi Ad Giriş Elemanı Siyasetçiler
Genel Alt Bölümü Eleştiriler
Coğrafi Alt Bölümü Türkiye
942 ## - EKLENDİ GİRİŞ ELEMANLARI (KOHA)
Sınıflandırma Veya Raf Düzeni Kaynak Dewey Decimal Classification
Koha Öğesi Türü Kitaplar
999 ## - SİSTEM KONTROL NUMARALARI (KOHA)
Koha Biblionumber 5096
Koha Biblioitemnumber 5096
Mevcut
Kalıcı Konum Mevcut Konum Edinme Tarihi Edinim Kaynak Seri Numaralandırma / Kronolojik Toplam Check-Out'Lar Tam Çağrı Numarası Barkod Tarih Son Görülme İtibaren Geçerli Fiyatlar Koha Öğesi Türü
CHP Kütüphanesi CHP Kütüphanesi 09/01/2016 Bağış c.2   320.9561092 K71e 2010 002230 09/01/2016 09/01/2016 Kitaplar